000 nam a22 7a 4500
999 _c7426
_d7426
008 170830b xxu||||| |||| 00| 0 eng d
050 _aLEM441
100 _aLemaitre Joseph
_93951
245 _aFrench how to speak and write it
260 _aLondon
_bOdhamspress limited
300 _aBondbinding book
942 _2ddc
_cBK